Music Quiz

Random Music or Clickable Quiz

Follow That Lyric: Song Titles Quiz Stats

Quiz Updated Sep 23, 2012

Challenge
Share
Tweet
Embed
Score 0/25 Timer 06:00
8 Plays Today
% Correct
And don't you come back
92.6%
Find out what it means to me
91.8%
Take my hand, we'll make it I swear
91%
I played with your heart
90.9%
Who am I to disagree
89.2%
All my troubles seemed so far away
89.1%
Where the skies are so blue
87.7%
He was looking for a soul to steal
83.5%
Jesus loves you more than you will know
81.8%
We've got fun and games
79%
Watching the tide roll away
78.7%
You had my heart inside of your hand
77.3%
And it's been the ruin of many a poor boy
75.1%
% Correct
I'm begging of you please don't take my man
72.6%
I see trouble on the way
69.7%
On such a winter's day
69.4%
I will lay me down
67.4%
Because you're mine
66.6%
There is a season
61.6%
Count the headlights on the highway
61.3%
If you say that you are mine
59.8%
That's why I'll always be around
58.8%
There has to be a twist
56.4%
Trying to keep up with you
54.1%
If I move this could die
37.3%

You're not logged in!

Compare scores with friends on all Sporcle quizzes.
Join for Free
OR
Log In

You Might Also Like...

Show Comments

Extras

Top Quizzes Today


Score Distribution

Your Account Isn't Verified!

In order to create a playlist on Sporcle, you need to verify the email address you used during registration. Go to your Sporcle Settings to finish the process.

Report this User

Report this user for behavior that violates our Community Guidelines.

Details: